00548nam a22001937a 4500999001900000005001700019010001500036020002600051035001400077037001300091082001300104100002200117245004300139250000600182260003900188270007900227300002100306942002700327 c196821d19682120230801102616.0 aENG-137647 a9789383812387c350.00 aEN-121179 bDBAD/PUB a959.5705 aM.V. SC. K. Sivam aLee Kuan YewhENGcby K. Sivam M.V. SC a  aChennaibGeethamPublicationsc2017 a3/3, Padmavathi Avenue, Thirumalai Nagar Annex, PerungudibChennaie600096 a308p.c22cm(pbk) 2ddccENh959.5705kSIV